000 00782nam a22002417a 4500
001 BR9602623
003 BR-BrBNA
005 20230928095005.0
007 ta
008 230509b bl.||||| |||| 00| 0 por d
040 _aBR-BrBNA
_bpor
_cBiblioteca Nacional de Agricultura
041 _a(Por)
072 _aP06
090 _ P06 BR9602623
110 1 _aInstituto de Pesquisas Tecnologicas, Sao Paulo, SP (Brasil)
_96224
245 1 _aRelatorio Tecnico 20.081. Desenvolvimento de metodologia para avaliacao da populacao bacteriana e sua atividade em biodigestores
260 3 _aSao Paulo, SP (Brasil):
_c1984.
300 _a118 p.
500 _aBibliography p. 110-117; 19 tables; 18 illus.
650 _aBiodigestor
909 _a202309
_bLucia
_c55
_dLucia Elande
942 _cBK
999 _c53855
_d53855